आजाद कथा, अनु0 प्रेमचंद (Record no. 1015867)

MARC details
000 -LEADER
fixed length control field 01043nam a2200277Ia 4500
003 - CONTROL NUMBER IDENTIFIER
control field OSt
005 - DATE AND TIME OF LATEST TRANSACTION
control field 20221005105443.0
008 - FIXED-LENGTH DATA ELEMENTS--GENERAL INFORMATION
fixed length control field 221004b |||||||| |||| 00| 0 urd d
037 ## - SOURCE OF ACQUISITION
Terms of availability Textual
040 ## - CATALOGING SOURCE
Original cataloging agency CRL
Transcribing agency CRL
Language of cataloging urd
041 ## - LANGUAGE CODE
Source of code urd
Language code of text/sound track or separate title urd
100 ## - MAIN ENTRY--PERSONAL NAME
Personal name सरशार, रतननाथ
245 #0 - TITLE STATEMENT
Title आजाद कथा, अनु0 प्रेमचंद
246 ## - VARYING FORM OF TITLE
Title proper/short title Ājād kathā, anu premachanda
260 ## - PUBLICATION, DISTRIBUTION, ETC.
Place of publication, distribution, etc. नई दिल्ली
Name of publisher, distributor, etc. भारतीय ग्रंथ निकेतन भारत
Date of publication, distribution, etc. 2010
490 ## - SERIES STATEMENT
Volume/sequential designation भाग 1
650 ## - SUBJECT ADDED ENTRY--TOPICAL TERM
Topical term or geographic name entry element हिन्दी साहित्य
700 ## - ADDED ENTRY--PERSONAL NAME
Personal name प्रेमचंद, अनु.
942 ## - ADDED ENTRY ELEMENTS (KOHA)
Classification part O168,3M46,AK, 152Q1.1-.2
Koha item type Textual
Source of classification or shelving scheme
Holdings
Withdrawn status Lost status Damaged status Not for loan Home library Current library Date acquired Source of acquisition Cost, normal purchase price Serial Enumeration / chronology Total Checkouts Full call number Barcode Date last seen Cost, replacement price Price effective from Koha item type
        Central Library Central Library 2022-10-05 13327, 14/07/2012, Kitab Ghar 600.00 भाग 1   O168,3M46,AK 152Q1.1-.2 CL1549607 2022-10-05 600.00 2022-10-05 Textual
Copyright @ Delhi University Library System